00579nam a2200181Ia 4500008004100000041000800041082001900049100001500068245004600083250001200129260002800141300000800169365001600177700001500193906000900208999001900217952016100236230718s9999 xx 000 0 und d aeng a621.384'5bLEE aLee W.C.Y. aMobile Communications Design Fundamentals a2nd ed. c1993bJohn Wliey & Sons a372 cRs.b702.00 aLee W.C.Y. cETC  c296424d296424 00104070aCCEPbCCEPd1997-11-24ePradeep Book DistributorsfETC g702.00l0o621.384'5pCCEP-BK-7630r2023-07-18 00:00:00v702.00w2023-07-18yBKz007630